| 000 | 00891nam a22001817a 4500 | ||
|---|---|---|---|
| 999 |
_c61233 _d61233 |
||
| 005 | 20240109150710.0 | ||
| 008 | 240109s1991 ru ||||| |||| 00| 0 rus d | ||
| 041 | _arus | ||
| 080 | _a130+17 O-11 | ||
| 245 |
_aО духовности : _b _cОтветственный редактор Н.З. Чавчавадзе; Академия наук Грузии, Институт философии. |
||
| 264 |
_aТбилиси : _b"Мецниереба", _c1991. |
||
| 300 |
_a106 c.: _b22 cm. |
||
| 653 | _aადამიანის სულიერი ცხოვრება | ||
| 653 | _aნობიერება. სინდისი. | ||
| 700 |
_aЧавчавадзе, Н.З., _eრედაქტორი, სტატიის ავტორი. _920991 |
||
| 710 |
_aАкадемия Наук Грузии. _d Институт философии. _920992 |
||
| 942 |
_2udc _cBK |
||